| 000 | 00774nam a2200217Ia 4500 | ||
|---|---|---|---|
| 005 | 20150205101853.0 | ||
| 010 | _aBAC-CH25 | ||
| 020 |
_a9789350093313 _c 299.00 |
||
| 035 | _aG-002888 | ||
| 035 | _aB-561123-150 | ||
| 037 |
_bTechniz/vender _adpl |
||
| 082 | _aS | ||
| 100 | _aAgarwal, Deepa | ||
| 245 |
_aRajula and the Web of Danger / _cby Deepa Agarwal |
||
| 260 |
_c2012 _aGurgaon _bHachette India |
||
| 270 |
_a4th & 5th Floors, Corporate Centre, Plot No.94, Sector 44 _bGurgaon _e122003, India |
||
| 300 |
_a228p. _c17cm(pbk) |
||
| 942 |
_cCH _2ddc _mAGA _hS |
||
| 999 |
_c86137 _d86137 |
||